000
00306nam a22001337a 4500
008
180205b xxu||||| |||| 00| 0 eng d
020
_a
619616001
041
_a
eng
080
_a
338
100
_a
53
101
_a
MNG
245
_a
Putting The One Minute Manager to Work
_c
Blanchard, K
942
_2
udc
_c
BK
999
_c
41834
_d
41834